000 00540nam a2200193 i 4500
001 64688
003 ES-MaACL
005 20231218201511.0
007 t|
008 040102s1950 sp ||||1| spa d
080 _a821.134.2-31"19"
100 1 _aFormica, Mercedes,
_d1913-2002
_9155403
245 1 0 _aMonte de Sancha /
_cMercedes Formica.
250 _a1ª ed.
260 _aBarcelona :
_bLuis de Caralt,
_c[1950] (
_fAgustín Núñez)
300 _a200 p. ;
_c21 cm.
852 _aES-MaACL
_jD-5458
999 _c64688
_d64688